[Event "Politiken Cup 31st"]
[Site "Helsingor"]
[Date "2009.07.26"]
[Round "10"]
[White "Wickstrom, Lucas"]
[Black "Andersen, Mads"]
[Result "0-1"]
[WhiteElo "2177"]
[BlackElo "2336"]
[PlyCount "82"]
[EventDate "2009.07.18"]
[EventType "swiss"]
[EventRounds "10"]
[EventCountry "DEN"]
[SourceTitle "CBM 131 Extra"]
[Source "ChessBase"]
[SourceDate "2009.09.03"]
[SourceVersion "2"]
[SourceVersionDate "2009.09.16"]
[SourceQuality "1"]

1. d4 Nf6 2. c4 g6 3. Nc3 d5 4. cxd5 Nxd5 5. e4 Nxc3 6. bxc3 Bg7 7. Nf3 c5 8. Rb1 0-0 9. Be2 b6 10. 0-0 Bb7 11. Qd3 Ba6 12. Qe3 Qd7 13. d5 Bxe2 14. Qxe2 Bxc3 15. Rd1 Bg7 16. Bb2 f6 17. Qc4 Kh8 18. a4 Rd8 19. Rd2 Qg4 20. Rd3 Qc8 21. e5 Qa6 22. Qe4 Nd7 23. e6 c4 24. Rd4 Nc5 25. Qe2 Nxa4 26. Ba1 Nc5 27. Qc2 Nb3 28. Rh4 Kg8 29. Rxh7 Kxh7 30. Nh4 Rxd5 31. Qxg6+ Kg8 32. Qf7+ Kh8 33. Ng6+ Kh7 34. Bxf6 exf6 35. e7 Rdd8 36. Nf4 Qb5 37. Qg6+ Kh8 38. Nh5 Qg5 39. Qf7 Rf8 40. exf8R+ Rxf8 41. Qxc4 Nd2 0-1